01267 a2200217 4500003000700000005001700007008004100024020001800065040002500083041000800108050001900116100002100135245009200156260004600248300002000294336002800314337003000342338002700372500061200399650003801011CBULib20231115070922.0231016b |||||||| |||| 00| 0 eng d a9780198719632 bEnglishcCBULiberda aeng aBD 238.I58 Int1 aCoppenger, Brett aIntellectual assurance : essays on traditional epistemic internalismc/ Brett Coppenger bOxford University Press, c2016aOxford : aviii, 261 pages 2rdacontentaText |btxt 2rdamediaaUnmediated |bn 2rdacarrieraVolumebnc aPresents a dozen essays by prominent contemporary epistemologists providing a careful examination and critical evaluation of traditional epistemic internalism. The essays focus on what traditional internalism has to say about the following three topics: the nature of non-inferentially justified belief, the nature of inferentially justified belief, and the best way to respond to skepticism. The end product is a volume containing many probing objections to traditional internalism, pushing its proponents to provide creative new defenses if they want this old-fashioned view to survive in the modern world 0aINTERNALISM (THEORY OF KNOWLEDGE)